Artificial intelligence (Record no. 1619)

MARC details
000 -LEADER
fixed length control field 00464 a2200181 4500
001 - CONTROL NUMBER
control field 067749
003 - CONTROL NUMBER IDENTIFIER
control field OSt
005 - DATE AND TIME OF LATEST TRANSACTION
control field 20220104104223.0
008 - FIXED-LENGTH DATA ELEMENTS--GENERAL INFORMATION
fixed length control field
020 ## - INTERNATIONAL STANDARD BOOK NUMBER
International Standard Book Number 9788131715055
082 ## - DEWEY DECIMAL CLASSIFICATION NUMBER
Classification number 006.3
Item number W73A
100 1# - MAIN ENTRY--PERSONAL NAME
Personal name Winson, Patrick Henry
245 1# - TITLE STATEMENT
Title Artificial intelligence
Statement of responsibility, etc by Patrick Henry Winston
260 ## - PUBLICATION, DISTRIBUTION, ETC. (IMPRINT)
Place of publication, distribution, etc New Delhi
Name of publisher, distributor, etc Pearson
Date of publication, distribution, etc 2008
300 ## - PHYSICAL DESCRIPTION
Extent xxv, 737p.
653 ## - INDEX TERM--UNCONTROLLED
Uncontrolled term Artificial intelligence
942 ## - ADDED ENTRY ELEMENTS (KOHA)
Source of classification or shelving scheme Dewey Decimal Classification
Koha item type Books
Holdings
Withdrawn status Lost status Source of classification or shelving scheme Damaged status Not for loan Collection code Home library Current library Date acquired Source of acquisition Cost, normal purchase price Total Checkouts Full call number Barcode Date last seen Date checked out Price effective from Koha item type
    Dewey Decimal Classification     General Text Book Central University Of Rajasthan Central University Of Rajasthan 07/03/2012 CSC 460.00 1 006.3 W73A 2035 21/11/2024 23/09/2022 02/09/2020 Books